000 00664nam a2200253Ia 4500
003 OSt
005 20221005082200.0
006 a|||||r|||| 00| 0
007 ta
008 221004b |||||||| |||| 00| 0 hin d
024 _a47525
037 _cTextual
040 _aCRL
_cCRL
_bhin
041 _2hin
_ahin
082 _aO152,2N25:g, 31N9
100 _aAgarwal Pratibha
245 0 _aMohan Rakesh
260 _aNew Delhi
_bSahitya Akdemi India
_c1999
300 _a112p.
_ccm.
650 _a TAMIL LANGUAGE
650 _aHINDI LANGUAGE
942 _hO152,2N25:g, 31N9
_cTEXL
_2cc
999 _c988866
_d988866